000 00612nam a2200217Ia 4500
005 20230606151825.0
008 131103s9999 xx 000 0 und d
020 _a1841196401
_cRs. 350
040 _aLoreto College
041 _aEnglish
082 _a932
_bLEW
245 4 _aThe Mammoth book of how it happened Ancient Egypt
_cEdited by Jon E. Lewis
260 _aLondon
_bRobinson
_c2003
300 _axxi,519p
_b ill
440 _aThe Mammoth Book
504 _aIncludes bibliographical references
650 _aAncient History - Egypt
700 _aLewis, Jon E,ed.
850 _aLCLIB
942 _cBK
999 _c16073
_d66552